[Event "Stay Safe Play From Home 394"]
[Site "Emanuel Lasker Arena"]
[Date "2020.08.19"]
[Round "8"]
[White "Mepe_Nika"]
[Black "IceQueen"]
[Result "0-1"]
[WhiteElo "2357"]
[BlackElo "2374"]
[PlyCount "104"]
[EventDate "2020.08.19"]
[EventType "swiss (blitz)"]

1. d4 {[%emt 0:00:01]} c5 {[%emt 0:00:01]} 2. c3 {[%emt 0:00:01]} Nf6 {[%emt 0:00:02]} 3. Nf3 {[%emt 0:00:01]} e6 {[%emt 0:00:00]} 4. Bf4 {[%emt 0:00:02]} b6 {[%emt 0:00:00]} 5. e3 {[%emt 0:00:01]} Bb7 {[%emt 0:00:00]} 6. Nbd2 {[%emt 0:00:00]} Nc6 {[%emt 0:00:00]} 7. Bd3 {[%emt 0:00:00]} Be7 {[%emt 0:00:00]} 8. O-O {[%emt 0:00:00]} O-O {[%emt 0:00:00]} 9. Qe2 {[%emt 0:00:00]} Nd5 {[%emt 0:00:00]} 10. Bg3 {[%emt 0:00:01]} f5 {[%emt 0:00:00]} 11. e4 {[%emt 0:00:01]} fxe4 {[%emt 0:00:02]} 12. Nxe4 {[%emt 0:00:00]} Nf4 {[%emt 0:00:01]} 13. Bxf4 {[%emt 0:00:00]} Rxf4 {[%emt 0:00:00]} 14. Rfe1 {[%emt 0:00:02]} cxd4 {[%emt 0:00:01]} 15. cxd4 {[%emt 0:00:02]} Qf8 {[%emt 0:00:01]} 16. Rac1 {[%emt 0:00:01]} Nb4 {[%emt 0:00:01]} 17. Bb1 {[%emt 0:00:01]} Nd5 {[%emt 0:00:00]} 18. a3 {[%emt 0:00:02]} Qf7 {[%emt 0:00:01]} 19. Neg5 {[%emt 0:00:01]} Qh5 {[%emt 0:00:02]} 20. Ne4 {[%emt 0:00:07]} Raf8 {[%emt 0:00:02]} 21. Ng3 {[%emt 0:00:01]} Qe8 {[%emt 0:00:04]} 22. Qd3 {[%emt 0:00:02]} g6 {[%emt 0:00:01]} 23. Rf1 {[%emt 0:00:03]} R4f7 {[%emt 0:00:05]} 24. Ne5 {[%emt 0:00:02]} Nf4 {[%emt 0:00:02]} 25. Qc2 {[%emt 0:00:05]} Rf6 {[%emt 0:00:01]} 26. Ne4 {[%emt 0:00:02]} Rf5 {[%emt 0:00:01]} 27. f3 {[%emt 0:00:03]} d6 {[%emt 0:00:01]} 28. Nd3 {[%emt 0:00:01]} Nxd3 {[%emt 0:00:04]} 29. Qxd3 {[%emt 0:00:00]} Bd5 {[%emt 0:00:01]} 30. Ng3 {[%emt 0:00:01]} Rf4 {[%emt 0:00:02]} 31. Ne2 {[%emt 0:00:01]} Rh4 {[%emt 0:00:01]} 32. Qd2 {[%emt 0:00:00]} Bf6 {[%emt 0:00:01]} 33. Rcd1 {[%emt 0:00:02]} Qe7 {[%emt 0:00:00]} 34. Rfe1 {[%emt 0:00:00]} Bg7 {[%emt 0:00:01]} 35. Qc3 {[%emt 0:00:01]} Qg5 {[%emt 0:00:03]} 36. Ng3 {[%emt 0:00:01]} Rff4 {[%emt 0:00:04]} 37. Be4 {[%emt 0:00:01]} h5 {[%emt 0:00:02]} 38. Bxd5 {[%emt 0:00:01]} Qxd5 {[%emt 0:00:00]} 39. Qe3 {[%emt 0:00:01]} Bxd4 {[%emt 0:00:01]} 40. Rxd4 {[%emt 0:00:01]} Qxd4 {[%emt 0:00:00]} 41. Qxd4 {[%emt 0:00:01]} Rxd4 {[%emt 0:00:00]} 42. Rxe6 {[%emt 0:00:01]} Kf7 {[%emt 0:00:00]} 43. Ne2 {[%emt 0:00:01]} Kxe6 {[%emt 0:00:02]} 44. g3 {[%emt 0:00:01]} Rd1+ {[%emt 0:00:01]} 45. Kf2 {[%emt 0:00:01]} Rhd4 {[%emt 0:00:00]} 46. Ke3 {[%emt 0:00:01]} R4d2 {[%emt 0:00:00]} 47. Nf4+ {[%emt 0:00:01]} Kf5 {[%emt 0:00:01]} 48. h4 {[%emt 0:00:00]} g5 {[%emt 0:00:01]} 49. Ne2 {[%emt 0:00:00]} Rxe2+ {[%emt 0:00:01]} 50. Kxe2 {[%emt 0:00:01]} Rb1 {[%emt 0:00:00]} 51. g4+ {[%emt 0:00:00]} hxg4 {[%emt 0:00:00]} 52. Kd3 {[%emt 0:00:00]} Rxb2 {[%emt 0:00:00] Time Time Time (Lag: Av=0.44s, max=0.7s) (Lag: Av=0.44s, max=0.7s) (Lag: Av=0.44s, max=0.7s)} 0-1

[Event "Stay Safe Play From Home 394"]
[Site "Emanuel Lasker Arena"]
[Date "2020.08.19"]
[Round "8"]
[White "Lamborghini"]
[Black "AChessPlayer"]
[Result "0-1"]
[WhiteElo "2350"]
[BlackElo "2366"]
[PlyCount "108"]
[EventDate "2020.08.19"]
[EventType "swiss (blitz)"]

1. e4 {[%emt 0:00:02]} c6 {[%emt 0:00:01]} 2. d4 {[%emt 0:00:01]} d5 {[%emt 0:00:01]} 3. Nc3 {[%emt 0:00:00]} dxe4 {[%emt 0:00:01]} 4. Nxe4 {[%emt 0:00:00]} Nf6 {[%emt 0:00:00]} 5. Nxf6+ {[%emt 0:00:01]} exf6 {[%emt 0:00:00]} 6. Bc4 {[%emt 0:00:01]} Bd6 {[%emt 0:00:02]} 7. Qe2+ {[%emt 0:00:01]} Qe7 {[%emt 0:00:00]} 8. Qxe7+ {[%emt 0:00:00]} Kxe7 {[%emt 0:00:00]} 9. Ne2 {[%emt 0:00:01]} Be6 {[%emt 0:00:00]} 10. Bd3 {[%emt 0:00:01]} Nd7 {[%emt 0:00:01]} 11. c4 {[%emt 0:00:01]} Rhe8 {[%emt 0:00:02]} 12. O-O {[%emt 0:00:02]} Kf8 {[%emt 0:00:00]} 13. h3 {[%emt 0:00:01]} f5 {[%emt 0:00:02]} 14. b3 {[%emt 0:00:01]} Nf6 {[%emt 0:00:01]} 15. Bb2 {[%emt 0:00:01]} Bd7 {[%emt 0:00:02]} 16. Rad1 {[%emt 0:00:02]} Rad8 {[%emt 0:00:01]} 17. Rfe1 {[%emt 0:00:03]} b5 {[%emt 0:00:01]} 18. Kf1 {[%emt 0:00:02]} a5 {[%emt 0:00:01]} 19. Bc3 {[%emt 0:00:03]} b4 {[%emt 0:00:02]} 20. Bb2 {[%emt 0:00:01]} Ne4 {[%emt 0:00:01]} 21. f3 {[%emt 0:00:02]} Nf6 {[%emt 0:00:02]} 22. Bc1 {[%emt 0:00:03]} h6 {[%emt 0:00:02]} 23. Nf4 {[%emt 0:00:03]} g5 {[%emt 0:00:02]} 24. Rxe8+ {[%emt 0:00:01]} Rxe8 {[%emt 0:00:00]} 25. Ne2 {[%emt 0:00:01]} f4 {[%emt 0:00:01]} 26. Bc2 {[%emt 0:00:03]} Bc8 {[%emt 0:00:02]} 27. Bb2 {[%emt 0:00:01]} Bc7 {[%emt 0:00:02]} 28. d5 {[%emt 0:00:01]} Nh5 {[%emt 0:00:02]} 29. d6 {[%emt 0:00:02]} Bb6 {[%emt 0:00:01]} 30. Be4 {[%emt 0:00:03]} Bd7 {[%emt 0:00:01]} 31. Bd4 {[%emt 0:00:02]} c5 {[%emt 0:00:02]} 32. Bb2 {[%emt 0:00:02]} f5 {[%emt 0:00:01]} 33. Bd3 {[%emt 0:00:02]} Bd8 {[%emt 0:00:01]} 34. a3 {[%emt 0:00:03]} Bf6 {[%emt 0:00:00]} 35. axb4 {[%emt 0:00:00]} Bxb2 {[%emt 0:00:02]} 36. bxc5 {[%emt 0:00:00]} Ba3 {[%emt 0:00:03]} 37. c6 {[%emt 0:00:01]} Bxc6 {[%emt 0:00:00]} 38. Bxf5 {[%emt 0:00:00]} Rd8 {[%emt 0:00:02]} 39. d7 {[%emt 0:00:01]} Ng7 {[%emt 0:00:01]} 40. Bg4 {[%emt 0:00:01]} h5 {[%emt 0:00:00]} 41. Be6 {[%emt 0:00:01]} Nxe6 {[%emt 0:00:01]} 42. Nd4 {[%emt 0:00:00]} Nxd4 {[%emt 0:00:01]} 43. Rxd4 {[%emt 0:00:02]} Rxd7 {[%emt 0:00:00]} 44. Rxd7 {[%emt 0:00:01]} Bxd7 {[%emt 0:00:00]} 45. g4 {[%emt 0:00:01]} Bc5 {[%emt 0:00:00]} 46. Kg2 {[%emt 0:00:01]} h4 {[%emt 0:00:01]} 47. Kh2 {[%emt 0:00:01]} Ke7 {[%emt 0:00:00]} 48. Kg2 {[%emt 0:00:00]} Kd6 {[%emt 0:00:00]} 49. b4 {[%emt 0:00:00]} Bxb4 {[%emt 0:00:00]} 50. Kh2 {[%emt 0:00:01]} Kc5 {[%emt 0:00:00]} 51. Kg2 {[%emt 0:00:00]} Be6 {[%emt 0:00:00]} 52. Kf2 {[%emt 0:00:00]} Bxc4 {[%emt 0:00:00]} 53. Kg2 {[%emt 0:00:02]} a4 {[%emt 0:00:00]} 54. Kf2 {[%emt 0:00:00]} a3 {[%emt 0:00:00] . . .} 0-1

[Event "Stay Safe Play From Home 394"]
[Site "Emanuel Lasker Arena"]
[Date "2020.08.19"]
[Round "8"]
[White "MihailoVujic"]
[Black "Tran Minh Thang"]
[Result "0-1"]
[WhiteElo "2089"]
[BlackElo "2456"]
[PlyCount "116"]
[EventDate "2020.08.19"]
[EventType "swiss (blitz)"]

1. e4 {[%emt 0:00:00]} c5 {[%emt 0:00:01]} 2. c3 {[%emt 0:00:01]} Nc6 {[%emt 0:00:01]} 3. d4 {[%emt 0:00:01]} cxd4 {[%emt 0:00:00]} 4. cxd4 {[%emt 0:00:01]} d5 {[%emt 0:00:01]} 5. exd5 {[%emt 0:00:00]} Qxd5 {[%emt 0:00:00]} 6. Nf3 {[%emt 0:00:01]} Bg4 {[%emt 0:00:00]} 7. Be2 {[%emt 0:00:01]} Nf6 {[%emt 0:00:01]} 8. Nc3 {[%emt 0:00:01]} Qa5 {[%emt 0:00:01]} 9. d5 {[%emt 0:00:00]} Nb4 {[%emt 0:00:01]} 10. Bb5+ {[%emt 0:00:01]} Bd7 {[%emt 0:00:01]} 11. Bxd7+ {[%emt 0:00:01]} Nxd7 {[%emt 0:00:00]} 12. O-O {[%emt 0:00:01]} g6 {[%emt 0:00:00]} 13. Bf4 {[%emt 0:00:02]} Bg7 {[%emt 0:00:01]} 14. Re1 {[%emt 0:00:01]} O-O {[%emt 0:00:01]} 15. Ne5 {[%emt 0:00:01]} Nxe5 {[%emt 0:00:01]} 16. Bxe5 {[%emt 0:00:01]} Bxe5 {[%emt 0:00:00]} 17. Rxe5 {[%emt 0:00:01]} Qc7 {[%emt 0:00:00]} 18. Qe2 {[%emt 0:00:03]} Rfe8 {[%emt 0:00:00]} 19. Re1 {[%emt 0:00:01]} Kf8 {[%emt 0:00:00]} 20. Qe3 {[%emt 0:00:02]} Qd6 {[%emt 0:00:03]} 21. Qh6+ {[%emt 0:00:01]} Kg8 {[%emt 0:00:00]} 22. R5e3 {[%emt 0:00:07]} Qf6 {[%emt 0:00:03]} 23. h4 {[%emt 0:00:02]} Nc2 {[%emt 0:00:01]} 24. Rf3 {[%emt 0:00:02]} Qg7 {[%emt 0:00:02]} 25. Qxg7+ {[%emt 0:00:02]} Kxg7 {[%emt 0:00:00]} 26. Rc1 {[%emt 0:00:02]} Nd4 {[%emt 0:00:00]} 27. Rd3 {[%emt 0:00:01]} Nf5 {[%emt 0:00:00]} 28. g3 {[%emt 0:00:01]} Rac8 {[%emt 0:00:00]} 29. Re1 {[%emt 0:00:01]} Rf8 {[%emt 0:00:02]} 30. g4 {[%emt 0:00:01]} Nxh4 {[%emt 0:00:01]} 31. Rxe7 {[%emt 0:00:01]} Rfd8 {[%emt 0:00:01]} 32. d6 {[%emt 0:00:01]} h5 {[%emt 0:00:00]} 33. gxh5 {[%emt 0:00:01]} Nf5 {[%emt 0:00:00]} 34. Re4 {[%emt 0:00:04]} Nxd6 {[%emt 0:00:01]} 35. Red4 {[%emt 0:00:01]} gxh5 {[%emt 0:00:03]} 36. Rxd6 {[%emt 0:00:01]} Rxd6 {[%emt 0:00:01]} 37. Rxd6 {[%emt 0:00:00]} Rc5 {[%emt 0:00:00]} 38. Rd3 {[%emt 0:00:00]} Rg5+ {[%emt 0:00:01]} 39. Rg3 {[%emt 0:00:00]} Kh6 {[%emt 0:00:00]} 40. Rxg5 {[%emt 0:00:01]} Kxg5 {[%emt 0:00:00]} 41. Ne4+ {[%emt 0:00:00]} Kf4 {[%emt 0:00:00]} 42. Nc5 {[%emt 0:00:00]} b6 {[%emt 0:00:01]} 43. Nd7 {[%emt 0:00:01]} f5 {[%emt 0:00:00]} 44. Nf6 {[%emt 0:00:01]} h4 {[%emt 0:00:01]} 45. Nd5+ {[%emt 0:00:00]} Ke5 {[%emt 0:00:00]} 46. Nc7 {[%emt 0:00:01]} a5 {[%emt 0:00:01]} 47. Nb5 {[%emt 0:00:00]} Kd5 {[%emt 0:00:01]} 48. Nc3+ {[%emt 0:00:00]} Kc4 {[%emt 0:00:00]} 49. Kg2 {[%emt 0:00:00]} b5 {[%emt 0:00:00]} 50. Ne2 {[%emt 0:00:01]} Kd3 {[%emt 0:00:01]} 51. Kf3 {[%emt 0:00:00]} h3 {[%emt 0:00:01]} 52. Nf4+ {[%emt 0:00:01]} Kc2 {[%emt 0:00:00]} 53. Nxh3 {[%emt 0:00:00]} Kxb2 {[%emt 0:00:00]} 54. Nf4 {[%emt 0:00:00]} Kxa2 {[%emt 0:00:00]} 55. Nd5 {[%emt 0:00:00]} b4 {[%emt 0:00:00]} 56. Ke3 {[%emt 0:00:00]} b3 {[%emt 0:00:02]} 57. Kd3 {[%emt 0:00:00]} a4 {[%emt 0:00:01]} 58. Nc3+ {[%emt 0:00:00]} Kb2 {[%emt 0:00:01] Time Time Time (Lag: Av=0.88s, max=1.4s) (Lag: Av=0.88s, max=1.4s) (Lag: Av=0.88s, max=1.4s)} 0-1

[Event "Stay Safe Play From Home 394"]
[Site "Emanuel Lasker Arena"]
[Date "2020.08.19"]
[Round "8"]
[White "Fat Kevin"]
[Black "Dreamsoldier"]
[Result "1-0"]
[WhiteElo "2049"]
[BlackElo "1214"]
[PlyCount "34"]
[EventDate "2020.08.19"]
[EventType "swiss (blitz)"]

1. d4 {[%emt 0:00:01]} Nf6 {[%emt 0:00:02]} 2. c4 {[%emt 0:00:00]} g6 {[%emt 0:00:00]} 3. Nc3 {[%emt 0:00:00]} Bg7 {[%emt 0:00:00]} 4. e4 {[%emt 0:00:00]} O-O {[%emt 0:00:00]} 5. e5 {[%emt 0:00:00]} Ne8 {[%emt 0:00:01]} 6. f4 {[%emt 0:00:00]} d6 {[%emt 0:00:00]} 7. Nf3 {[%emt 0:00:00]} dxe5 {[%emt 0:00:00]} 8. fxe5 {[%emt 0:00:00]} Nc6 {[%emt 0:00:00]} 9. Be3 {[%emt 0:00:00]} Bg4 {[%emt 0:00:00]} 10. Be2 {[%emt 0:00:00]} e6 {[%emt 0:00:01]} 11. O-O {[%emt 0:00:01]} Bxf3 {[%emt 0:00:00]} 12. Bxf3 {[%emt 0:00:01]} Qe7 {[%emt 0:00:00]} 13. Qb3 {[%emt 0:00:04]} Rb8 {[%emt 0:00:02]} 14. Rae1 {[%emt 0:00:04]} Na5 {[%emt 0:00:01]} 15. Qa4 {[%emt 0:00:03]} c6 {[%emt 0:00:02]} 16. Qxa5 {[%emt 0:00:03]} b5 {[%emt 0:00:05]} 17. Bxc6 {[%emt 0:00:02]} Qh4 {[%emt 0:00:04] Dreamsoldier terk eder Dreamsoldier terk eder Dreamsoldier terk eder (Lag: Av=0.39s, max=0.9s) (Lag: Av=0.39s, max=0.9s) (Lag: Av=0.39s, max=0.9s)} 1-0

[Event "Stay Safe Play From Home 394"]
[Site "Emanuel Lasker Arena"]
[Date "2020.08.19"]
[Round "8"]
[White "TheCHESSHOUSE"]
[Black "SashaGrebeniuc"]
[Result "1-0"]
[WhiteElo "2001"]
[BlackElo "1139"]
[PlyCount "45"]
[EventDate "2020.08.19"]
[EventType "swiss (blitz)"]

1. d4 {[%emt 0:00:01]} d5 {[%emt 0:00:02]} 2. c4 {[%emt 0:00:00]} dxc4 {[%emt 0:00:03]} 3. e3 {[%emt 0:00:02]} Nf6 {[%emt 0:00:02]} 4. Bxc4 {[%emt 0:00:01]} e6 {[%emt 0:00:01]} 5. Nf3 {[%emt 0:00:00]} Nc6 {[%emt 0:00:02]} 6. O-O {[%emt 0:00:00]} Bd6 {[%emt 0:00:02]} 7. Nc3 {[%emt 0:00:01]} O-O {[%emt 0:00:03]} 8. h3 {[%emt 0:00:00]} Bb4 {[%emt 0:00:04]} 9. Bd2 {[%emt 0:00:02]} Na5 {[%emt 0:00:01]} 10. Bd3 {[%emt 0:00:02]} h6 {[%emt 0:00:03]} 11. a3 {[%emt 0:00:01]} Bd6 {[%emt 0:00:02]} 12. e4 {[%emt 0:00:01]} Nh7 {[%emt 0:00:07]} 13. e5 {[%emt 0:00:01]} Be7 {[%emt 0:00:02]} 14. Qc2 {[%emt 0:00:02]} Ng5 {[%emt 0:00:04]} 15. Bxg5 {[%emt 0:00:04]} Bxg5 {[%emt 0:00:02]} 16. Nxg5 {[%emt 0:00:01]} Qxg5 {[%emt 0:00:02]} 17. Ne4 {[%emt 0:00:01]} Qe7 {[%emt 0:00:03]} 18. f4 {[%emt 0:00:01]} Nc6 {[%emt 0:00:01]} 19. Qf2 {[%emt 0:00:04]} Bd7 {[%emt 0:00:03]} 20. Rad1 {[%emt 0:00:02]} Nd8 {[%emt 0:00:03]} 21. Qg3 {[%emt 0:00:01]} Bc6 {[%emt 0:00:04]} 22. Nf6+ {[%emt 0:00:01]} Kh8 {[%emt 0:00:03]} 23. Nh5 {[%emt 0:00:00] Время Время Время (Lag: Av=0.93s, max=1.5s) (Lag: Av=0.93s, max=1.5s) (Lag: Av=0.93s, max=1.5s)} 1-0

[Event "Stay Safe Play From Home 394"]
[Site "Emanuel Lasker Arena"]
[Date "2020.08.19"]
[Round "8"]
[White "Greblah"]
[Black "NTBT_DHS"]
[Result "0-1"]
[WhiteElo "1876"]
[BlackElo "2542"]
[Annotator "TA"]
[PlyCount "58"]
[EventDate "2020.08.19"]
[EventType "swiss (blitz)"]

{[%evp 12,57,48,31,37,30,37,19,10,3,29,-60,141,0,0,-30,-18,-147,-116,-177,-139,-147,-159,-160,-179,-200,-152,-328,-166,-177,-34,-177,-189,-275,-258,-270,-279,-595,-220,-328,-138,-788,-479,-29997,-29998,-29998,-29999,-29999]} 1. e4 g6 2. d4 Bg7 3. Nc3 a6 4. Be3 d6 5. f3 Nd7 6. Qd2 b5 7. Nge2 Nb6 {B06: Modern Defence.} 8. Ng3 h5 9. h4 Nf6 {[#] The position is equal.} 10. Bd3 $146 ({Predecessor:} 10. Bg5 Bb7 11. O-O-O Rc8 12. Kb1 c5 13. dxc5 Rxc5 14. Be3 Rc8 15. Bd4 O-O 16. Qf2 {1-0 (42) Firouzja,A (2728)-Kobo,O (2449) chess.com INT 2020}) 10... Bb7 11. e5 ({White should play} 11. a4 $11) 11... Nfd7 $2 (11... Nfd5 $15 {stays ahead.} 12. Nxd5 Nxd5) 12. exd6 ({White must play} 12. e6 $1 $16) 12... cxd6 $11 13. O-O Rc8 14. Bg5 (14. Nce2 $11) 14... Bxd4+ $17 15. Kh2 (15. Kh1 $17) 15... Bf6 16. Bxf6 Nxf6 ({But not} 16... exf6 17. a4 $15) 17. Rfe1 Nc4 18. Qc1 Ne5 {aiming for ...b4.} 19. Be4 $2 (19. Qf4 $17) 19... Bxe4 (19... Nxe4 $142 20. Ngxe4 b4) 20. Ngxe4 $19 e6 (20... Nxe4 $19 21. Rxe4 f5) 21. Nxf6+ ({Only move:} 21. Qf4 $1 $15 Nxe4 22. Nxe4 Rxc2 23. Rad1 Qxh4+ {[%mdl 64] Deflection, Decoy} 24. Qxh4 Nxf3+ {[%mdl 64] Double Attack} 25. Kh3 Nxh4 26. Rc1 Rxc1 27. Rxc1) 21... Qxf6 22. Ne4 (22. Kg3 {keeps fighting.}) 22... Qxh4+ 23. Kg1 O-O 24. Nxd6 $2 {[#]} (24. Qd1) 24... Rc6 $2 (24... Nxf3+ $1 {[%mdl 512]} 25. gxf3 Qg3+ {[%mdl 64] Double Attack} 26. Kh1 Qxf3+ 27. Kg1 Qg3+ {[%mdl 64] Double Attack} 28. Kf1 Qxd6) 25. Ne4 {[#]} (25. Rxe5 $142 Rxd6 26. Re4) 25... Rfc8 (25... Nd3 $1 $19 {[%cal Rd3c1][%mdl 512]} 26. cxd3 Rxc1 27. Raxc1 Rd8) 26. Qh6 $2 {[%mdl 8192]} (26. Re2 $17) 26... Rxc2 {( -> ...Nxf3+!)} 27. Rad1 {[#]} (27. Qe3 $19 Rxb2 28. Re2) 27... Nxf3+ $1 {[%mdl 576] Back Rank. Black mates.} 28. gxf3 Qh2+ 29. Kf1 Qg2# {Accuracy: White = 18%, Black = 28%.} 0-1

[Event "Stay Safe Play From Home 394"]
[Site "Emanuel Lasker Arena"]
[Date "2020.08.19"]
[Round "9"]
[White "NTBT_DHS"]
[Black "TheCHESSHOUSE"]
[Result "1-0"]
[WhiteElo "2542"]
[BlackElo "2001"]
[Annotator "TA"]
[PlyCount "31"]
[EventDate "2020.08.19"]
[EventType "swiss (blitz)"]

{[%evp 9,31,25,47,31,65,66,77,-80,-46,-56,224,-59,-60,-53,-36,-33,-38,-141,120,128,856,819,827,620]} 1. d4 g6 2. Nc3 Bg7 3. e4 d6 4. Bc4 a6 5. Nge2 e6 6. h4 {B06: Modern Defence.} h5 7. Bg5 Ne7 {[#]} 8. Nf4 $146 (8. a4 $16) ({Predecessor:} 8. a4 Nd7 9. Qd2 c6 10. d5 Ne5 11. Bb3 exd5 12. exd5 f6 13. Be3 c5 14. a5 {1-0 (60) Sluka,R (2347)-Rubal,A (2308) Czech Republic 2016}) 8... b5 9. Bb3 O-O $2 {[%mdl 8192] [#]} (9... f6 $15 {keeps the upper hand.} 10. Bxe6 (10. Nxe6 Bxe6 11. Bxf6 Bg4 $17) 10... fxg5 11. hxg5 Nd7) 10. Nxh5 $2 (10. g4 $1 $18) 10... gxh5 $15 11. Qxh5 f6 12. Be3 Qe8 13. Qe2 (13. Qf3 $15) 13... Qg6 $2 {[%mdl 8192] [#]} (13... b4 $17 {and life is bright.} 14. Na4 Bd7) 14. h5 $1 $16 {[%cal Rh5g6]} Qg5 $2 {[%mdl 8192]} ({Don't go for} 14... Qxg2 $2 15. O-O-O $18) (14... Qh7 $16) 15. Bxg5 $18 fxg5 16. h6 {Accuracy: White = 42%, Black = 19%.} 1-0

[Event "Stay Safe Play From Home 394"]
[Site "Emanuel Lasker Arena"]
[Date "2020.08.19"]
[Round "9"]
[White "Tran Minh Thang"]
[Black "SashaGrebeniuc"]
[Result "1-0"]
[WhiteElo "2459"]
[BlackElo "1139"]
[PlyCount "43"]
[EventDate "2020.08.19"]
[EventType "swiss (blitz)"]

1. b3 {[%emt 0:00:01]} b6 {[%emt 0:00:02]} 2. Bb2 {[%emt 0:00:00]} Bb7 {[%emt 0:00:03]} 3. Nf3 {[%emt 0:00:00]} d6 {[%emt 0:00:01]} 4. e3 {[%emt 0:00:00]} Nf6 {[%emt 0:00:02]} 5. c4 {[%emt 0:00:00]} c5 {[%emt 0:00:03]} 6. d4 {[%emt 0:00:00]} e6 {[%emt 0:00:05]} 7. Nbd2 {[%emt 0:00:01]} Nbd7 {[%emt 0:00:02]} 8. Bd3 {[%emt 0:00:00]} Be7 {[%emt 0:00:02]} 9. Qc2 {[%emt 0:00:00]} O-O {[%emt 0:00:02]} 10. g4 {[%emt 0:00:02]} Nxg4 {[%emt 0:00:03]} 11. Bxh7+ {[%emt 0:00:01]} Kh8 {[%emt 0:00:01]} 12. Be4 {[%emt 0:00:00]} Ngf6 {[%emt 0:00:02]} 13. Bxb7 {[%emt 0:00:01]} Rb8 {[%emt 0:00:02]} 14. Bc6 {[%emt 0:00:01]} Qc7 {[%emt 0:00:03]} 15. Bxd7 {[%emt 0:00:00]} Qxd7 {[%emt 0:00:03]} 16. Ng5 {[%emt 0:00:00]} g6 {[%emt 0:00:04]} 17. h4 {[%emt 0:00:01]} Kg7 {[%emt 0:00:01]} 18. h5 {[%emt 0:00:01]} Rh8 {[%emt 0:00:02]} 19. d5 {[%emt 0:00:01]} Rxh5 {[%emt 0:00:02]} 20. Rxh5 {[%emt 0:00:01]} gxh5 {[%emt 0:00:02]} 21. Qh7+ {[%emt 0:00:01]} Kf8 {[%emt 0:00:03]} 22. Qxf7# {[%emt 0:00:00] (Lag: Av=0.97s, max=1.1s) (Lag: Av=0.97s, max=1.1s) (Lag: Av=0.97s, max=1.1s)} 1-0

[Event "Stay Safe Play From Home 394"]
[Site "Emanuel Lasker Arena"]
[Date "2020.08.19"]
[Round "9"]
[White "IceQueen"]
[Black "Fat Kevin"]
[Result "1-0"]
[WhiteElo "2390"]
[BlackElo "2049"]
[PlyCount "69"]
[EventDate "2020.08.19"]
[EventType "swiss (blitz)"]

1. e4 {[%emt 0:00:01]} c5 {[%emt 0:00:00]} 2. Nc3 {[%emt 0:00:00]} Nf6 {[%emt 0:00:00]} 3. Nf3 {[%emt 0:00:01]} d5 {[%emt 0:00:00]} 4. exd5 {[%emt 0:00:01]} Nxd5 {[%emt 0:00:00]} 5. Bb5+ {[%emt 0:00:01]} Bd7 {[%emt 0:00:01]} 6. Qe2 {[%emt 0:00:00]} Nxc3 {[%emt 0:00:02]} 7. bxc3 {[%emt 0:00:00]} Nc6 {[%emt 0:00:01]} 8. Rb1 {[%emt 0:00:01]} e6 {[%emt 0:00:02]} 9. O-O {[%emt 0:00:01]} Bd6 {[%emt 0:00:01]} 10. d4 {[%emt 0:00:00]} O-O {[%emt 0:00:01]} 11. Rd1 {[%emt 0:00:01]} Qc7 {[%emt 0:00:03]} 12. g3 {[%emt 0:00:02]} a6 {[%emt 0:00:02]} 13. Bd3 {[%emt 0:00:01]} Na5 {[%emt 0:00:02]} 14. Ng5 {[%emt 0:00:02]} g6 {[%emt 0:00:03]} 15. Ne4 {[%emt 0:00:03]} Be7 {[%emt 0:00:02]} 16. Bf4 {[%emt 0:00:00]} Qc8 {[%emt 0:00:03]} 17. Nd6 {[%emt 0:00:05]} Qc6 {[%emt 0:00:04]} 18. Be4 {[%emt 0:00:02]} Qa4 {[%emt 0:00:01]} 19. Nxb7 {[%emt 0:00:01]} Bc6 {[%emt 0:00:07]} 20. Nxa5 {[%emt 0:00:02]} Bxe4 {[%emt 0:00:00]} 21. Qxe4 {[%emt 0:00:04]} Qxa5 {[%emt 0:00:00]} 22. Rb7 {[%emt 0:00:01]} Bf6 {[%emt 0:00:01]} 23. Bd6 {[%emt 0:00:04]} Rfd8 {[%emt 0:00:01]} 24. Bxc5 {[%emt 0:00:01]} Qxc5 {[%emt 0:00:01]} 25. dxc5 {[%emt 0:00:01]} Rxd1+ {[%emt 0:00:00]} 26. Kg2 {[%emt 0:00:00]} Rad8 {[%emt 0:00:02]} 27. c6 {[%emt 0:00:01]} Rc8 {[%emt 0:00:06]} 28. c7 {[%emt 0:00:01]} Rd7 {[%emt 0:00:02]} 29. Qc6 {[%emt 0:00:01]} Re7 {[%emt 0:00:02]} 30. Rb8 {[%emt 0:00:01]} Ree8 {[%emt 0:00:02]} 31. Qxe8+ {[%emt 0:00:01]} Rxe8 {[%emt 0:00:01]} 32. Rxe8+ {[%emt 0:00:00]} Kg7 {[%emt 0:00:00]} 33. c8=Q {[%emt 0:00:00]} Be5 {[%emt 0:00:00]} 34. Rg8+ {[%emt 0:00:00]} Kf6 {[%emt 0:00:01]} 35. Qd8+ {[%emt 0:00:00] Fat Kevin gibt auf Fat Kevin gibt auf Fat Kevin gibt auf (Lag: Av=0.38s, max=0.8s) (Lag: Av=0.38s, max=0.8s) (Lag: Av=0.38s, max=0.8s)} 1-0